000 01030nam a2200241Ia 4500
003 Ost
005 20260507075405.0
008 260507s9999||||xx |||||||||||||| ||und||
020 _a69783279779
040 _cfsecg
041 _aara
082 _a600
100 _aمبارك، صلاح الدين عبد المنعم
_eمؤلف
245 0 _aمحاسبة التكاليف للأغراض الإدارية :
_bمدخل إدارة التكلفة /
_c صلاح الدين عبد المنعم مبارك
260 _aالإسكندرية:
_bمكتبة الوفاء القانونية,
_c2013
300 _a336 صفحة؛
_bإيضاحات ؛
_c24 سم
504 _aالمراجع ص.333
520 _aيضم قياس التكلفة لأغراض الرقابة، إدارة التكلفة ومداخل قياس التكلفة وتأثيرها على التخطيط والرقابة
653 _aالإدارة- التكاليف
653 _aالرقابة
653 _aمحاسبة التكاليف
942 _cكتاب
999 _c44301
_d44301